00986cam a22002775a 45000010009000000050017000090080041000260200031000670200015000980400033001130820019001461000026001652450084001912600038002753000027003135000024003405040031003646500028003956500035004236500038004586510010004966530037005069420008005439990017005519520140005681631197320151116153444.0100701t2010 nyu frb 001 0 eng d a9780071664868 (alk. paper) a0071664868 aDLCcDLCdDLCdEG-ScBUEbeng04a658.8222bVER1 aVerdino, Greg.93875210aMicromarketing :bget big results by thinking and acting small /cGreg Verdino. aNew York :bMcGraw-Hill,cc.2010. axxvi, 260 p. ;c24 cm. aIndex : p. 251-258. aBibliography : p. 247-250. 7aMarketing.2BUEsh94499 7aTarget marketing.2BUEsh94412 7aInternet marketing.2BUEsh938532 2BUEsh bBUSADMcAugust2015cNovember2015 2ddc c20613d20585 00102ddc40708BaccahaMAINbMAINc1STd2015-08-19ePurchaseg216.00h21758l0o658.8 VERp000039779r2025-07-15 00:00:00v270.00yBB